Die wertvollsten Marken nach Markenwert im Jahr 2017 - Statistiken

Allgemein
  • Dieses Quiz wurde 218 mal gespielt
  • Das Durchschnittsergebnis liegt bei 5 aus 20
Antwortstatistiken
Markenwert in Milliarden US-Dollar Marke % Korrekt
234,67 Apple
94%
143,22 Microsoft
74%
245,58 Google
72%
139,29 Amazon
67%
129,8 Facebook
59%
97,72 McDonald's
40%
78,14 Coca-Cola
33%
59,13 Alibaba Group
16%
102,09 IBM
16%
52,04 Disney
15%
50,21 General Electric
11%
58,28 UPS
7%
111 Visa
7%
115,11 AT&T
5%
49,93 MasterCard
5%
108,29 Tencent
5%
87,52 Marlboro
4%
89,28 Verizon
3%
56,54 China Mobile
1%
58,42 Wells Fargo
1%
Keine übereinstimmenden Quizze gefunden
Verteilung der Resultate
Anzahl Personen mit jedem Resultat
Perzentil nach korrekt beantworteten Fragen
Ihre Resultats-Entwicklung
Sie haben dieses Quiz noch nicht gespielt